| 000 | 00339nam a22001337a 4500 | ||
|---|---|---|---|
| 020 | _a9781848829343 | ||
| 040 | _cNUST | ||
| 082 |
_a006.37 _bSZE |
||
| 100 |
_aSzeliski, Richard _991668 |
||
| 245 |
_aComputer Vision : _bAlgorithms and Applications |
||
| 260 |
_aLondon: _bSpringer, _c2011. |
||
| 650 | _aComputer Vision | ||
| 942 |
_2ddc _cBK |
||
| 999 |
_c609456 _d609456 |
||